000 00314nam a22001337a 4500
008 181220b xxu||||| |||| 00| 0 eng d
020 _a0822018071
041 _aeng
080 _a371
100 _a46
101 _aEDU
245 _aSpeech and Hearing Problems in the Classroom
_cPhillips,P.P
942 _2udc
_cBK
999 _c53542
_d53542